| 000 | 00304nam a2200085Ia 4500 | ||
|---|---|---|---|
| 245 | 0 | _aThe faery guide : how connecting with the faery realms can bring peace, love and happiness | |
| 100 |
_a BROWN, Denise Whichello Enderby, 2003 _9102846 |
||
| 942 | _cBK | ||
| 008 | 210818s9999 xx 000 0 und d | ||
| 999 |
_c449511 _d449510 |
||